Alle 50 Hauptstädte der US-Bundesstaaten - Statistiken

Allgemein
  • Dieses Quiz wurde 208 mal gespielt
  • Das Durchschnittsergebnis liegt bei 28 aus 50
Antwortstatistiken
Bundesstaat Hauptstadt % Korrekt
Kalifornien Sacramento
83%
Colorado Denver
81%
Massachusetts Boston
79%
Hawaii Honolulu
78%
Georgia Atlanta
77%
Texas Austin
76%
Arizona Phoenix
76%
Indiana Indianapolis
74%
Oklahoma Oklahoma City
73%
Utah Salt Lake City
69%
Alaska Juneau
66%
Tennessee Nashville
66%
Florida Tallahassee
63%
Illinois Springfield
62%
Ohio Columbus
61%
Alabama Montgomery
60%
New York Albany
59%
Kentucky Frankfort
59%
New Mexico Santa Fe
59%
Washington Olympia
58%
Arkansas Little Rock
57%
North Dakota Bismarck
56%
Idaho Boise
55%
Mississippi Jackson
55%
Minnesota Saint Paul
54%
Louisiana Baton Rouge
53%
Montana Helena
53%
Oregon Salem
53%
Iowa Des Moines
52%
Delaware Dover
52%
Virginia Richmond
52%
Wyoming Cheyenne
51%
South Dakota Pierre
51%
Nevada Carson City
50%
Connecticut Hartford
50%
North Carolina Raleigh
49%
Kansas Topeka
49%
Maryland Annapolis
48%
Pennsylvania Harrisburg
48%
West Virginia Charleston
47%
Michigan Lansing
46%
Vermont Montpelier
46%
Maine Augusta
45%
Nebraska Lincoln
45%
South Carolina Columbia
44%
Missouri Jefferson City
44%
Rhode Island Providence
44%
New Jersey Trenton
44%
Wisconsin Madison
42%
New Hampshire Concord
34%
Keine übereinstimmenden Quizze gefunden
Verteilung der Resultate
Anzahl Personen mit jedem Resultat
Perzentil nach korrekt beantworteten Fragen
Ihre Resultats-Entwicklung
Sie haben dieses Quiz noch nicht gespielt